000 00545nam a22001697a 4500
003 OSt
005 20120302145942.0
008 090604t xxu||||| |||| 00| 0 eng d
035 _a४४०९
040 _cमराठी
100 _aबेलसरे, के . वि .
_95922
245 _aसार्थ मनाचे श्र्लोक
250 _a१ ली
260 _aसातारा
_bश्रीसमर्थ सेवा मंडळ
_c१९८६
300 _b२१२ पाने
942 _2ddc
_cBOOK
999 _c490988
_d490985